<?xml version="1.0" encoding="UTF-8"?>
<record
    xmlns:xsi="http://www.w3.org/2001/XMLSchema-instance"
    xsi:schemaLocation="http://www.loc.gov/MARC21/slim http://www.loc.gov/standards/marcxml/schema/MARC21slim.xsd"
    xmlns="http://www.loc.gov/MARC21/slim">

  <leader>01605nam a22003137a 4500</leader>
  <controlfield tag="003">OSt</controlfield>
  <controlfield tag="005">20250612110200.0</controlfield>
  <controlfield tag="008">200219s2017    sp ||||jr|||| 00| f spa d</controlfield>
  <datafield tag="020" ind1=" " ind2=" ">
    <subfield code="a">9788496886698</subfield>
  </datafield>
  <datafield tag="040" ind1=" " ind2=" ">
    <subfield code="a">CO-JMCR</subfield>
    <subfield code="c">CO-JMCR</subfield>
  </datafield>
  <datafield tag="041" ind1="1" ind2=" ">
    <subfield code="a">spa</subfield>
    <subfield code="h">eng</subfield>
  </datafield>
  <datafield tag="082" ind1="0" ind2="4">
    <subfield code="a">J-N</subfield>
    <subfield code="b">NORt</subfield>
  </datafield>
  <datafield tag="100" ind1="1" ind2=" ">
    <subfield code="a">Northrop, Michael, </subfield>
    <subfield code="e">autor</subfield>
    <subfield code="9">638</subfield>
  </datafield>
  <datafield tag="245" ind1="1" ind2="0">
    <subfield code="a">El reino final / </subfield>
    <subfield code="c">Michael Northrop ; traducci&#xF3;n de Victoria Sim&#xF3; Perales</subfield>
  </datafield>
  <datafield tag="250" ind1=" " ind2=" ">
    <subfield code="a">1a. edici&#xF3;n</subfield>
  </datafield>
  <datafield tag="260" ind1=" " ind2=" ">
    <subfield code="a">Barcelona : </subfield>
    <subfield code="b">Puck, </subfield>
    <subfield code="c">2017</subfield>
  </datafield>
  <datafield tag="300" ind1=" " ind2=" ">
    <subfield code="a">191 p&#xE1;ginas : </subfield>
    <subfield code="b">ilustraciones a blanco y negro, </subfield>
    <subfield code="c">22 cm.</subfield>
  </datafield>
  <datafield tag="490" ind1="0" ind2=" ">
    <subfield code="a">Tombquest</subfield>
    <subfield code="v">Libro 5</subfield>
  </datafield>
  <datafield tag="500" ind1=" " ind2=" ">
    <subfield code="a">T&#xED;tulo original: Tombquest Book 5- The final  kingdom</subfield>
  </datafield>
  <datafield tag="520" ind1=" " ind2=" ">
    <subfield code="a">La orden campa a sus anchas, los malvados ac&#xF3;litos se han apoderado de los conjuros perdidos, un ej&#xE9;rcito de momias se dispone a invadir el mundo. Aquello que m&#xE1;s tem&#xED;an los Guardianes del Amuleto se ha hecho realidad: el portal del reino de los muertos est&#xE1; abierto de par en par. Por lo que parece, la Orden se ha salido con las suya. Pero solo lo parece...porque los Guardianes del Amuleto no se dar&#xE1;n por vencidos. Con tal de impedir la llegada del Reino Final est&#xE1;n dispuestos a internarse en un lugar m&#xE1;s peligroso que cualquier tumba, trampa o foso: el m&#xE1;s all&#xE1;.</subfield>
  </datafield>
  <datafield tag="546" ind1=" " ind2=" ">
    <subfield code="a">Traducido del ingl&#xE9;s</subfield>
  </datafield>
  <datafield tag="650" ind1="1" ind2="4">
    <subfield code="a">Novela estadounidense </subfield>
    <subfield code="9">729</subfield>
  </datafield>
  <datafield tag="650" ind1="1" ind2="4">
    <subfield code="a">Magia</subfield>
    <subfield code="x">novela</subfield>
    <subfield code="z">Egipto</subfield>
    <subfield code="9">730</subfield>
  </datafield>
  <datafield tag="650" ind1="1" ind2="4">
    <subfield code="a">Antiguedades</subfield>
    <subfield code="x">novela</subfield>
    <subfield code="9">731</subfield>
  </datafield>
  <datafield tag="650" ind1="2" ind2="4">
    <subfield code="a">Libro de los muertos</subfield>
    <subfield code="x">novela</subfield>
    <subfield code="9">732</subfield>
  </datafield>
  <datafield tag="650" ind1="2" ind2="4">
    <subfield code="a">Historias de aventuras</subfield>
    <subfield code="x">novela</subfield>
    <subfield code="9">733</subfield>
  </datafield>
  <datafield tag="700" ind1="1" ind2=" ">
    <subfield code="a">Sim&#xF3; Perales, Victoria, </subfield>
    <subfield code="e">traductora</subfield>
    <subfield code="9">646</subfield>
  </datafield>
  <datafield tag="942" ind1=" " ind2=" ">
    <subfield code="2">ddc</subfield>
    <subfield code="c">BK</subfield>
  </datafield>
  <datafield tag="999" ind1=" " ind2=" ">
    <subfield code="c">6553</subfield>
    <subfield code="d">6553</subfield>
  </datafield>
  <datafield tag="952" ind1=" " ind2=" ">
    <subfield code="0">0</subfield>
    <subfield code="1">0</subfield>
    <subfield code="2">ddc</subfield>
    <subfield code="4">0</subfield>
    <subfield code="7">0</subfield>
    <subfield code="8">FIC</subfield>
    <subfield code="a">CPL</subfield>
    <subfield code="b">CPL</subfield>
    <subfield code="c">PROC</subfield>
    <subfield code="d">2019-12-19</subfield>
    <subfield code="e">Donaci&#xF3;n</subfield>
    <subfield code="g">0.00</subfield>
    <subfield code="l">3</subfield>
    <subfield code="o">J-N NORt</subfield>
    <subfield code="p">201809747</subfield>
    <subfield code="r">2025-04-01 11:23:12</subfield>
    <subfield code="s">2025-03-25</subfield>
    <subfield code="t">Ej.1</subfield>
    <subfield code="w">2020-02-19</subfield>
    <subfield code="y">BK</subfield>
  </datafield>
</record>
